[Event "Reykjavik Open 2017"]
[Site "Reykjavik ISL"]
[Date "2017.04.20"]
[Round "2.100"]
[White "Baliuniene,Margarita"]
[Black "Eminov,Sinan"]
[Result "0-1"]
[WhiteElo "1897"]
[BlackElo "1537"]

1.d4 Nf6 2.Nf3 d5 3.c4 c6 4.e3 Bg4 5.Nc3 e6 6.Qb3 Qc7 7.Ne5 Bf5 8.h3 Nbd7 9.g4
Be4 10.Nxe4 Nxe4 11.Nxd7 Qxd7 12.Bg2 Nf6 13.Bd2 Be7 14.O-O-O O-O 15.Kb1 a5
16.Qd3 Ne8 17.e4 dxc4 18.Qxc4 b5 19.Qd3 c5 20.d5 exd5 21.exd5 Nd6 22.Rhe1 c4
23.Qg3 b4 24.Bf4 Rfd8 25.Re3 Rac8 26.Rde1 Bf8 27.Rc1 Qb5 28.Be5 c3 29.Ree1 Nc4
30.b3 Na3+ 31.Ka1 a4 32.bxa4 Qxa4 33.Re2 Nc4 34.Bd4 Nd2 35.Bxc3 bxc3 36.Rxc3
Qd1+ 37.Kb2 Qxe2 {#R} 0-1

[Event "Reykjavik Open 2017"]
[Site "Reykjavik ISL"]
[Date "2017.04.20"]
[Round "2.101"]
[White "Smith,Chris P"]
[Black "Zybura,Andre"]
[Result "0-1"]
[WhiteElo "1504"]
[BlackElo "1894"]

1.d4 Nf6 2.c4 c5 3.d5 b5 4.Qc2 e6 5.e4 bxc4 6.Bxc4 exd5 7.Bxd5 Nxd5 8.exd5 d6
9.Nf3 Be7 10.O-O O-O 11.Nc3 Nd7 12.Ne4 Nf6 13.Nxf6+ Bxf6 14.Bf4 Rb8 15.Rab1 g6
16.Qd2 Bf5 17.Rbc1 Rxb2 18.Qe3 Re8 19.Qa3 Ree2 20.Qxa7 Rxa2 21.Qb7 Reb2 22.Qc6
Rb6 23.Bh6 Rxc6 24.dxc6 Bg7 25.Bxg7 Kxg7 26.Rfe1 Qc7 27.Ng5 h6 {#R} 0-1

[Event "Reykjavik Open 2017"]
[Site "Reykjavik ISL"]
[Date "2017.04.20"]
[Round "2.102"]
[White "Kakulidis,Ellen"]
[Black "Davidsson,Stefan Orri"]
[Result "1-0"]
[WhiteElo "1892"]
[BlackElo "1490"]

1.d4 Nf6 2.g3 e6 3.Bg2 d5 4.Nf3 Nc6 5.O-O Bd6 6.Nbd2 O-O 7.c4 dxc4 8.Nxc4 Re8
9.a3 Rb8 10.Re1 Nd7 11.e4 Nb6 12.Nxd6 cxd6 13.Bg5 f6 14.Bd2 e5 15.Bc3 Bg4
16.h3 exd4 17.Bxd4 Nxd4 18.Qxd4 Be6 19.Rac1 Re7 20.Nh4 Rc7 21.Nf5 Bxf5 22.exf5
Rbc8 23.Rxc7 Rxc7 24.Re6 d5 25.b4 Rc1+ 26.Kh2 Rb1 27.a4 Qc7 28.Bxd5 Nxd5
29.Qxd5 Kf8 {#r} 1-0

[Event "Reykjavik Open 2017"]
[Site "Reykjavik ISL"]
[Date "2017.04.20"]
[Round "2.106"]
[White "Breidfjord,P"]
[Black "Thorsteinsdottir,Svava"]
[Result "1-0"]
[WhiteElo "1866"]
[BlackElo "1358"]

1.e4 c5 2.Nf3 d6 3.d4 cxd4 4.Nxd4 Nf6 5.Nc3 e6 6.Be2 Be7 7.O-O O-O 8.Kh1 Nc6
9.f4 a6 10.Bf3 Qc7 11.Be3 e5 12.Nb3 b5 13.f5 Bb7 14.g4 b4 15.Na4 Nd4 16.Nxd4
exd4 17.Qxd4 a5 18.Nb6 Rab8 19.g5 Ne8 20.Rg1 g6 21.Rac1 gxf5 22.Nd5 Bxd5
23.Qxd5 fxe4 24.Bxe4 Kh8 25.Qf5 {#r} 1-0

[Event "Reykjavik Open 2017"]
[Site "Reykjavik ISL"]
[Date "2017.04.20"]
[Round "2.107"]
[White "Njardarson,Daniel Ernir"]
[Black "Boron,A"]
[Result "1-0"]
[WhiteElo "1378"]
[BlackElo "1865"]

1.d4 Nf6 2.c4 c5 3.d5 b5 4.cxb5 a6 5.bxa6 Bxa6 6.Nc3 g6 7.e4 Bxf1 8.Kxf1 d6
9.g3 Bg7 10.Nf3 Nfd7 11.Kg2 Na6 12.Re1 O-O 13.a4 Qc7 14.Nb5 Qb7 15.Bd2 Rfb8
16.Bc3 f6 17.Nd2 Nb6 18.b3 Nc7 19.Nxc7 Qxc7 20.Nb1 Qd7 21.Na3 Kf7 22.Nb5 Nc8
23.Rb1 h5 24.h4 Na7 25.Nxa7 Rxa7 26.a5 Rb5 27.b4 cxb4 28.Rxb4 Raxa5 29.Rxb5
Rxb5 30.Qa4 Rb7 31.Qxd7 Rxd7 32.Bd4 Rc7 33.Be3 Rc4 34.Bf4 Rc7 {#r} 1-0

[Event "Reykjavik Open 2017"]
[Site "Reykjavik ISL"]
[Date "2017.04.20"]
[Round "2.109"]
[White "Timmermans,Adri"]
[Black "Gunnarsson,Baltasar Mani Wedhol"]
[Result "1-0"]
[WhiteElo "1861"]
[BlackElo "1230"]

1.e4 e5 2.Nf3 Nc6 3.d4 exd4 4.c3 dxc3 5.Nxc3 d6 6.Bc4 Be7 7.Qb3 Be6 8.Bxe6
fxe6 9.Qxb7 Kd7 10.O-O e5 11.b3 a6 12.Be3 Nf6 13.Nd5 Qb8 14.Nb6+ Ke6 15.Ng5#
1-0

[Event "Reykjavik Open 2017"]
[Site "Reykjavik ISL"]
[Date "2017.04.20"]
[Round "2.110"]
[White "Fjallheim,Benjamin Reinert"]
[Black "Smith,Lynda"]
[Result "0-1"]
[WhiteElo "1322"]
[BlackElo "1849"]

1.e4 c5 2.Nc3 e6 3.Bc4 Nc6 4.f4 a6 5.a3 b5 6.Ba2 Bb7 7.d3 Nd4 8.Nf3 Be7 9.O-O
Nf6 10.Be3 Ng4 11.Bd2 Nxf3+ 12.Rxf3 Qb6 13.Kh1 c4 14.Qe2 Bc5 15.Raf1 cxd3
16.cxd3 O-O-O 17.h3 h5 18.b4 Bd4 19.Rc1 Kb8 20.Nd1 f5 21.Be3 Nxe3 22.Nxe3 fxe4
23.dxe4 Bxe4 24.Rg3 h4 25.Rg5 Bxe3 26.Re1 Bxf4 27.Qxe4 Bxg5 28.Qe5+ Qc7
29.Qxg5 Qg3 30.Qxg3+ hxg3 31.Re3 Rhf8 32.Rxg3 Rf7 33.Rg6 Rc8 34.Rg3 d5 35.Kh2
Rc6 36.Rd3 Rfc7 37.Re3 Kc8 38.h4 Kd7 39.a4 Rc3 40.Rxc3 Rxc3 41.axb5 axb5 {#R}
0-1

[Event "Reykjavik Open 2017"]
[Site "Reykjavik ISL"]
[Date "2017.04.20"]
[Round "2.111"]
[White "Arnason,Saemundur"]
[Black "Jonsson,Pall G"]
[Result "0-1"]
[WhiteElo "1232"]
[BlackElo "1833"]

1.d4 b5 2.Nf3 Bb7 3.e3 b4 4.a3 a5 5.Bd2 e6 6.axb4 axb4 7.Rxa8 Bxa8 8.c4 c5
9.Bc1 Nf6 10.Nbd2 Be7 11.Be2 O-O 12.h3 d5 13.b3 Nc6 14.O-O Qc7 15.Bb2 Nd7
16.Qc2 Bb7 17.Ra1 dxc4 18.bxc4 cxd4 19.Nxd4 Nce5 20.N2f3 Rc8 21.Rc1 Qb6 22.Qb3
Nc5 23.Qd1 Ng6 24.Nd2 e5 25.N4f3 f6 26.Nb3 Rd8 27.Qc2 Be4 28.Bd3 Bxd3 29.Qd1
Bxc4 30.Qxd8+ Qxd8 31.Nxc5 Bxc5 32.Rxc4 Be7 33.Kf1 Qd1+ {#R} 0-1

[Event "Reykjavik Open 2017"]
[Site "Reykjavik ISL"]
[Date "2017.04.20"]
[Round "2.112"]
[White "Siddharth,Gopakumar"]
[Black "Tummasarson,Flovin M."]
[Result "1-0"]
[WhiteElo "1826"]
[BlackElo "1224"]

1.e4 e5 2.Nf3 Nc6 3.d4 exd4 4.Nxd4 Bc5 5.Nb3 Bb6 6.Nc3 Nf6 7.Qe2 d6 8.Be3 O-O
9.O-O-O Bxe3+ 10.Qxe3 Re8 11.g3 d5 12.Qc5 Bd7 13.Nxd5 Nxd5 14.Qxd5 Re7 15.Bc4
Qe8 16.Nc5 Bc8 17.Bb5 h6 18.Bxc6 bxc6 19.Qd8 Be6 20.Qxe8+ Raxe8 21.Nxe6 Rxe6
22.Rd7 Rc8 23.Rhd1 Rg6 24.Rd8+ {#r} 1-0

[Event "Reykjavik Open 2017"]
[Site "Reykjavik ISL"]
[Date "2017.04.20"]
[Round "2.113"]
[White "Hjaltason,Magnus"]
[Black "Davidsson,Oskar Vikingur"]
[Result "0-1"]
[WhiteElo "1205"]
[BlackElo "1818"]

1.e4 c5 2.Nf3 e6 3.d4 cxd4 4.Nxd4 Nc6 5.Nc3 Qc7 6.Be3 a6 7.f3 Nf6 8.g4 Bb4
9.Qd3 Ne5 10.Qd2 Nxf3+ 11.Nxf3 Nxe4 12.Qd3 Nxc3 13.Bd2 Nd5 14.c3 Be7 15.Bg2
O-O 16.Ng5 Bxg5 17.O-O Bxd2 18.Qxd2 b5 19.c4 bxc4 20.Rac1 Bb7 21.b3 c3 22.Bxd5
Bxd5 23.Rxc3 Qb6+ 24.Qf2 Qxf2+ 25.Rxf2 Rfc8 26.Rfc2 Rc6 27.Rxc6 Bxc6 28.Rd2
Rb8 29.Rd4 a5 30.Rd3 Rb4 31.a3 Rxg4+ {#R} 0-1

[Event "Reykjavik Open 2017"]
[Site "Reykjavik ISL"]
[Date "2017.04.20"]
[Round "2.114"]
[White "Berg,Margar M."]
[Black "Haile,Batel Goitom"]
[Result "1-0"]
[WhiteElo "1813"]
[BlackElo "1197"]

1.d4 b6 2.c4 Bb7 3.Nc3 g6 4.e4 Nf6 5.f3 Bg7 6.Be3 e6 7.Bd3 d6 8.d5 Qe7 9.Nge2
exd5 10.cxd5 Nxd5 11.Bd4 Bxd4 12.Nxd4 Nf4 13.g3 Nh5 14.Qb3 Nd7 15.Bc4 Nc5
16.Qc2 Qf6 17.O-O-O O-O-O 18.Nd5 Bxd5 19.Bxd5 Qe7 20.Qc4 Rdf8 21.b4 Nb7 22.Qa6
c5 23.Nb5 cxb4 24.Nxa7+ Kd7 25.Qxb7+ Ke8 26.Bc6+ Kd8 27.Qc8# 1-0

[Event "Reykjavik Open 2017"]
[Site "Reykjavik ISL"]
[Date "2017.04.20"]
[Round "2.115"]
[White "Kristofersson,Sindri Snaer"]
[Black "Mai,Alexander Oliver"]
[Result "0-1"]
[WhiteElo "1197"]
[BlackElo "1813"]

1.d4 Nf6 2.c4 g6 3.Nc3 Bg7 4.e4 d6 5.Nf3 O-O 6.Be2 e5 7.d5 a5 8.O-O Na6 9.Be3
b6 10.h3 Nc5 11.Bxc5 bxc5 12.Qc2 Nh5 13.Bd1 Nf4 14.Ne2 Nxe2+ 15.Bxe2 f5 16.Bd3
f4 17.Rac1 g5 18.Qd2 h5 19.Be2 g4 20.hxg4 hxg4 21.Ne1 Qh4 22.g3 Qh5 23.Rc3 f3
24.Bd1 Rf6 {#R} 0-1

[Event "Reykjavik Open 2017"]
[Site "Reykjavik ISL"]
[Date "2017.04.20"]
[Round "2.116"]
[White "Puglia,Francesco"]
[Black "Nielsen,Suni I Horni"]
[Result "1-0"]
[WhiteElo "1809"]
[BlackElo "1167"]

1.Nc3 e5 2.e4 Nc6 3.f4 exf4 4.Nf3 Bb4 5.Bc4 d6 6.Nd5 Bc5 7.d4 Bb6 8.Bxf4 Bg4
9.c3 Nf6 10.Bg5 h6 11.Bxf6 gxf6 12.O-O Ne5 13.Nxb6 Nxf3+ 14.gxf3 Bh3 15.Nxa8
f5 16.Rf2 fxe4 17.Bxf7+ Kxf7 18.fxe4+ Ke6 19.Qb3+ Kd7 20.Rf7+ Kc8 21.Rxc7+ Kb8
22.Qxb7# 1-0

[Event "Reykjavik Open 2017"]
[Site "Reykjavik ISL"]
[Date "2017.04.20"]
[Round "2.117"]
[White "Thorisson,Bjartur"]
[Black "Hart,Alexander"]
[Result "0-1"]
[WhiteElo "1071"]
[BlackElo "1806"]

1.e4 c6 2.Nc3 d5 3.exd5 cxd5 4.d4 Nf6 5.Nf3 Bg4 6.Be2 Nc6 7.O-O e6 8.Bf4 Bd6
9.Qd2 Ne4 10.Nxe4 dxe4 11.Ne5 Bxe5 12.Bxe5 Nxe5 13.Rfe1 Bxe2 14.Rxe2 Nc6
15.Rxe4 Qd5 16.Rg4 g6 17.b3 h5 18.Rf4 Qg5 19.g3 h4 20.Re1 O-O-O 21.Qc3 hxg3
22.fxg3 Rh7 23.Ref1 f5 24.b4 Kb8 25.Rb1 Rc7 26.Qa1 Qf6 27.Rbf1 Nxd4 28.Qe1 e5
29.Rh4 Rxc2 30.Rh7 Qd6 31.Qb1 Qd5 32.Qe1 Qg2# 0-1

[Event "Reykjavik Open 2017"]
[Site "Reykjavik ISL"]
[Date "2017.04.20"]
[Round "2.118"]
[White "Ulfsson,Olafur Evert"]
[Black "Kristbergsson,Bjorgvin"]
[Result "1-0"]
[WhiteElo "1802"]
[BlackElo "1060"]

1.e4 c5 2.b3 e5 3.Bb2 Nc6 4.Nc3 Nf6 5.Nf3 h6 6.Bb5 a6 7.Bxc6 Bd6 8.Bd5 O-O
9.a4 Rb8 10.Qe2 Nh5 11.g3 b6 12.O-O-O Nf6 13.Bc4 Ra8 14.Nh4 g6 15.Nxg6 Re8
16.Nd5 Nxd5 17.Bxd5 Rb8 18.Qf3 Rf8 19.Nxe5 Qe7 20.Nc4 Bc7 21.Bf6 Qxf6 22.Qxf6
Kh7 23.Bxf7 {#r} 1-0

[Event "Reykjavik Open 2017"]
[Site "Reykjavik ISL"]
[Date "2017.04.20"]
[Round "2.119"]
[White "Thorisson,Benedikt"]
[Black "Muhr,Andreas"]
[Result "0-1"]
[WhiteElo "1057"]
[BlackElo "1801"]

1.e4 d5 2.exd5 Qxd5 3.Nc3 Qa5 4.d4 Nf6 5.Nf3 Bg4 6.Be2 e6 7.Nd2 Bxe2 8.Qxe2
Bb4 9.Qb5+ Qxb5 10.Nxb5 Na6 11.O-O c6 12.Nc3 Rd8 13.Nf3 Nc7 14.Bg5 h6 15.Bh4
g5 16.Bg3 Bd6 17.Ne5 Nh5 18.Rad1 Nxg3 19.fxg3 f5 20.Rfe1 O-O 21.Na4 Rfe8
22.Nc5 Bxc5 23.dxc5 Rd5 24.Rxd5 cxd5 25.Rd1 Na6 26.c6 bxc6 27.Nxc6 Nc7 28.a3
a6 29.Kf2 e5 30.Re1 e4 31.h3 Kf7 32.Ke3 Ne6 33.Rf1 Kf6 34.Nb4 d4+ 35.Ke2 Rc8
36.Kd2 Nc5 37.h4 Ke5 38.Re1 a5 39.Na2 e3+ 40.Ke2 Ne4 41.hxg5 Rxc2+ 42.Kf3 Nf2
{#R} 0-1

[Event "Reykjavik Open 2017"]
[Site "Reykjavik ISL"]
[Date "2017.04.20"]
[Round "2.120"]
[White "Axelsson,T"]
[Black "Steinthorsson,Birgir Logi"]
[Result "1-0"]
[WhiteElo "1799"]
[BlackElo "1040"]

1.e4 e5 2.Nf3 Nc6 3.Bc4 Bc5 4.O-O Nf6 5.d3 O-O 6.c3 a6 7.a4 d6 8.b4 Ba7 9.h3
b5 10.Bb3 Bd7 11.Qe2 Ne7 12.Be3 bxa4 13.Bxa4 Bxe3 14.Qxe3 Bxa4 15.Rxa4 Qd7
16.Ra1 Qb5 17.Na3 Qc6 18.Nc4 d5 19.Nfxe5 Qe6 20.exd5 Nfxd5 21.Qd2 Nb6 22.Rfe1
Nxc4 23.Nxc4 Qf6 24.d4 Rfe8 25.Ne5 Nd5 26.g3 Rac8 27.Kg2 Qd6 28.Qd3 f6 29.Rxa6
c6 30.Nc4 Qb8 31.Rea1 c5 32.bxc5 Rcd8 33.Nd6 Re6 34.Qf5 Rexd6 35.cxd6 Qb7
36.Qe6+ Kh8 37.Kh2 Nxc3 38.d7 h6 39.Qe8+ Rxe8 40.dxe8=Q+ Kh7 41.Ra7 Qf3
42.Rxg7+ Kxg7 43.Ra7+ Qb7 44.Rxb7# 1-0

[Event "Reykjavik Open 2017"]
[Site "Reykjavik ISL"]
[Date "2017.04.20"]
[Round "3.2"]
[White "Andreikin,D"]
[Black "Panchanathan,M"]
[Result "1-0"]
[WhiteElo "2734"]
[BlackElo "2494"]

1.e4 e5 2.Nf3 Nc6 3.Bb5 a6 4.Ba4 Nf6 5.O-O Be7 6.Bxc6 dxc6 7.d3 Nd7 8.Nbd2 O-O
9.Nc4 Bf6 10.b3 Re8 11.Bb2 c5 12.a4 b6 13.h3 Rb8 14.Ra2 Re6 15.Qa1 Qe8 16.Bc3
c6 17.Nh2 Bd8 18.f4 exf4 19.Bxg7 b5 20.Nd2 Rg6 21.Bb2 Nf6 22.Ndf3 Nh5 23.Ne5
Rg3 24.Neg4 f6 25.axb5 cxb5 26.Bxf6 Nxf6 27.Qxf6 Bxf6 28.Nxf6+ Kh8 29.Nxe8
Bxh3 30.Rf3 Rxg2+ 31.Kh1 Rg3 32.Rxg3 fxg3 33.Nf6 c4 34.Rxa6 cxb3 35.Ra7 {#r}
1-0

[Event "Reykjavik Open 2017"]
[Site "Reykjavik ISL"]
[Date "2017.04.20"]
[Round "3.4"]
[White "Almasi,Z"]
[Black "Esserman,M"]
[Result "1-0"]
[WhiteElo "2696"]
[BlackElo "2458"]

1.Nf3 d5 2.g3 Nf6 3.Bg2 c5 4.O-O g6 5.c4 d4 6.b4 cxb4 7.Qa4+ Bd7 8.Qxb4 Nc6
9.Qb3 Bg7 10.Bb2 Bc8 11.Na3 O-O 12.d3 Nd7 13.Nc2 Re8 14.Nfxd4 {#r} 1-0

[Event "Reykjavik Open 2017"]
[Site "Reykjavik ISL"]
[Date "2017.04.20"]
[Round "3.10"]
[White "Sachdev,T"]
[Black "L'Ami,E"]
[Result "0-1"]
[WhiteElo "2429"]
[BlackElo "2614"]

1.d4 f5 2.g3 Nf6 3.Bg2 e6 4.c4 d5 5.Nh3 Bd6 6.Nd2 O-O 7.O-O h6 8.Nf4 Bxf4
9.gxf4 Nc6 10.Nf3 dxc4 11.e3 Nd5 12.Bd2 b5 13.Qe2 Ba6 14.Rfc1 Rb8 15.b3 Rb6
16.Qe1 cxb3 17.axb3 b4 18.Rxc6 Rxc6 19.Ne5 Rb6 20.Nc4 Bxc4 21.bxc4 Nc3 22.Rxa7
Rf6 23.Ra1 Rg6 24.Bxc3 bxc3 25.Qxc3 Qh4 26.Qc1 Kh7 27.c5 Qg4 28.Qf1 Rb2 29.Kh1
Qh4 30.Kg1 Rg4 31.Rb1 Qxf2+ 32.Qxf2 Rxb1+ 33.Qf1 Rxf1+ 34.Kxf1 g5 35.fxg5 hxg5
36.Kf2 Kg6 37.Bf1 Kf6 38.h3 Rh4 39.Kg2 e5 {#R} 0-1

[Event "Reykjavik Open 2017"]
[Site "Reykjavik ISL"]
[Date "2017.04.20"]
[Round "3.14"]
[White "Ris,R"]
[Black "Beliavsky,A"]
[Result "1-0"]
[WhiteElo "2419"]
[BlackElo "2597"]

1.d4 d5 2.Nf3 Nf6 3.Bf4 Nh5 4.Bd2 c6 5.c4 g6 6.e3 Bg7 7.cxd5 cxd5 8.Bb5+ Bd7
9.Qb3 Qb6 10.Nc3 e6 11.Ne5 Bxe5 12.dxe5 O-O 13.O-O Ng7 14.Rac1 Nf5 15.Rfd1
Bxb5 16.Nxb5 Nc6 17.g4 Nh4 18.f4 Nf3+ 19.Kg2 Nxd2 20.Rxd2 Na5 21.Qa3 Nc4
22.Rxc4 dxc4 23.Nd6 Qc6+ 24.e4 b5 25.Qe3 Qb6 26.Qg3 Qa5 27.Rf2 b4 28.f5 c3
29.bxc3 bxc3 30.Qf4 c2 31.f6 Qxe5 32.Qh6 {#r} 1-0

[Event "Reykjavik Open 2017"]
[Site "Reykjavik ISL"]
[Date "2017.04.20"]
[Round "3.17"]
[White "Guramishvili,S"]
[Black "Ramirez,Alej"]
[Result "0-1"]
[WhiteElo "2363"]
[BlackElo "2555"]

1.c4 c5 2.Nc3 b6 3.e4 Bb7 4.g3 g6 5.Bg2 Bg7 6.Nge2 Nc6 7.d3 a6 8.O-O e6 9.Be3
Nd4 10.Qd2 Ne7 11.Bh6 O-O 12.Bxg7 Kxg7 13.b4 Nec6 14.Rab1 Rb8 15.a3 d6 16.h3
Ba8 17.f4 f5 18.b5 axb5 19.cxb5 Nxe2+ 20.Nxe2 Na5 21.g4 d5 22.exf5 exf5 23.d4
Nc4 24.Qc3 Re8 25.dxc5+ Qf6 26.c6 Rxe2 27.Qxf6+ Kxf6 28.g5+ Ke6 29.Rfe1 Rxe1+
30.Rxe1+ Kd6 31.a4 Rc8 32.Bh1 d4 33.Kf2 Nb2 34.Rb1 Nxa4 35.Rb4 Nc3 36.Rxd4+
Kc5 37.Rd7 Nxb5 38.Rxh7 Bxc6 39.Bxc6 Rxc6 40.h4 Nc3 41.h5 gxh5 42.Rxh5 Kd4
43.g6 Rxg6 44.Rxf5 Rf6 {#R} 0-1

[Event "Reykjavik Open 2017"]
[Site "Reykjavik ISL"]
[Date "2017.04.20"]
[Round "3.18"]
[White "Donchenko,Alexa"]
[Black "Derakhshani,D"]
[Result "1-0"]
[WhiteElo "2554"]
[BlackElo "2351"]

1.Nf3 Nf6 2.c4 e6 3.g3 d5 4.Bg2 dxc4 5.O-O a6 6.Ne5 Qd4 7.Nf3 Qd8 8.Na3 Bxa3
9.bxa3 O-O 10.Qc2 b5 11.Bb2 Nbd7 12.Nd4 Nd5 13.a4 c5 14.Nc6 Qe8 15.axb5 axb5
16.a4 bxa4 17.Qxc4 Bb7 18.Ne5 Nxe5 19.Bxe5 Qc6 20.Rfc1 f6 21.Bb2 Rfc8 22.h4
Ra5 23.Qg4 Kh8 24.h5 Rc7 25.h6 Qb6 26.Ba3 gxh6 27.Rab1 Qa6 28.Qh4 Kg7 29.Rc4
Ne7 30.Qg4+ Kf7 31.Qh5+ Kg7 32.Qg4+ Kf7 33.Qh5+ Kg7 34.Rh4 Nf5 35.Rg4+ Kf8
36.e4 Qd3 37.Rxb7 Rxb7 38.exf5 Rb1+ 39.Kh2 Qxf5 40.Qxh6+ Ke7 41.Qg7+ Kd6
42.Qf8+ Ke5 43.d4+ {#r} 1-0

[Event "Reykjavik Open 2017"]
[Site "Reykjavik ISL"]
[Date "2017.04.20"]
[Round "3.19"]
[White "Soumya,Sw"]
[Black "Hjartarson,J"]
[Result "0-1"]
[WhiteElo "2349"]
[BlackElo "2536"]

1.e4 g6 2.d4 Bg7 3.Nc3 d6 4.f4 a6 5.Nf3 b5 6.Be3 Nd7 7.Qd2 Bb7 8.Bd3 c5 9.e5
cxd4 10.Bxd4 Bxf3 11.gxf3 dxe5 12.fxe5 Nxe5 13.Be4 Nc4 14.Bc6+ Kf8 15.Bxg7+
Kxg7 16.Qe2 Rc8 17.Bb7 Rb8 18.Bxa6 Qa5 19.Bxb5 Nxb2 20.Qd2 Nf6 21.Bd3 Qe5+
22.Kf2 Qd4+ 23.Ke2 Rhc8 24.Ne4 Nd5 25.Rhb1 Nxd3 26.cxd3 f5 27.Ng5 Nc3+ 28.Kf1
Nxb1 {#R} 0-1

[Event "Reykjavik Open 2017"]
[Site "Reykjavik ISL"]
[Date "2017.04.20"]
[Round "3.20"]
[White "Friedel,J"]
[Black "Kavutskiy,K"]
[Result "1-0"]
[WhiteElo "2524"]
[BlackElo "2347"]

1.d4 Nf6 2.c4 g6 3.g3 Bg7 4.Bg2 O-O 5.Nc3 d6 6.Nf3 Nc6 7.O-O Bf5 8.Ne1 Bd7
9.e3 e5 10.d5 Ne7 11.e4 Ne8 12.Nd3 f5 13.Bg5 h6 14.Bxe7 Qxe7 15.f4 fxe4
16.Nxe4 Bf5 17.Qe2 exf4 18.Nxf4 Bd4+ 19.Kh1 Ng7 20.Rae1 Rae8 21.Qd2 Be5 22.Nd3
Bxe4 23.Rxf8+ Qxf8 24.Rxe4 Nf5 25.Qe2 Qf6 26.b4 b6 27.Bh3 Re7 28.Bxf5 Qxf5
29.b5 Kg7 30.Kg2 h5 31.Nf4 Rf7 32.Ne6+ Kg8 33.h4 Qf6 34.Re3 Qf5 35.Ra3 Qg4
36.Qxg4 hxg4 37.Rxa7 Rf3 38.Ra8+ {#r} 1-0

[Event "Reykjavik Open 2017"]
[Site "Reykjavik ISL"]
[Date "2017.04.20"]
[Round "3.21"]
[White "Bailet,P"]
[Black "Van Leent,D"]
[Result "1-0"]
[WhiteElo "2510"]
[BlackElo "2230"]

1.Nf3 f5 2.d3 d5 3.g3 Nf6 4.Bg2 e6 5.O-O Bd6 6.Nc3 O-O 7.e4 dxe4 8.dxe4 e5
9.Qd3 Nc6 10.exf5 Qd7 11.g4 Nb4 12.Qe2 Kh8 13.Ng5 Qe7 14.Nce4 Rb8 15.c3 Nbd5
16.Nxd6 cxd6 17.Rd1 Nb6 18.b3 Bd7 19.Ba3 Nc8 20.f4 h6 21.Nh3 e4 22.c4 Bc6
23.Bb2 d5 24.cxd5 Bxd5 25.g5 {#r} 1-0

[Event "Reykjavik Open 2017"]
[Site "Reykjavik ISL"]
[Date "2017.04.20"]
[Round "3.23"]
[White "Walton,A"]
[Black "Harika,D"]
[Result "0-1"]
[WhiteElo "2199"]
[BlackElo "2521"]

1.d4 d5 2.c4 e6 3.Nc3 c6 4.e3 Nf6 5.Nf3 Nbd7 6.cxd5 exd5 7.Bd3 Be7 8.O-O O-O
9.Rb1 Re8 10.b4 a6 11.a4 Bd6 12.Qc2 Nf8 13.b5 Bg4 14.Ne1 cxb5 15.axb5 a5 16.f3
Be6 17.e4 dxe4 18.fxe4 Bb4 19.d5 Bd7 20.Na4 Nxe4 21.Be3 Rc8 22.Qe2 Nc5 23.Rxb4
Nxd3 24.Rb1 Ne5 25.Nb6 Ng4 26.Qf3 Nxe3 27.Qxf7+ Kh8 {#R} 0-1

[Event "Reykjavik Open 2017"]
[Site "Reykjavik ISL"]
[Date "2017.04.20"]
[Round "3.25"]
[White "Viglundsson,B"]
[Black "Lemos,D"]
[Result "0-1"]
[WhiteElo "2143"]
[BlackElo "2471"]

1.d4 Nf6 2.c4 g6 3.Nc3 d5 4.Bf4 Bg7 5.e3 O-O 6.Rc1 Be6 7.Qb3 b6 8.Nf3 c5 9.Rd1
dxc4 10.Bxc4 Bxc4 11.Qxc4 cxd4 12.Nxd4 Qc8 13.Qxc8 Rxc8 14.Ke2 Nc6 15.Nxc6
Rxc6 16.Be5 Rac8 17.Rd3 Rc5 18.f4 Ne8 19.Bxg7 Kxg7 20.Rd7 R8c7 21.Rhd1 Nd6
22.Rxc7 Rxc7 23.e4 f6 24.Rd4 Kf7 25.Kd3 h5 26.g3 Ke6 27.a4 Rc8 28.b4 a6 29.Rd5
{#R} 0-1

[Event "Reykjavik Open 2017"]
[Site "Reykjavik ISL"]
[Date "2017.04.20"]
[Round "3.28"]
[White "Hambleton,A"]
[Black "Murray,P"]
[Result "1-0"]
[WhiteElo "2434"]
[BlackElo "2235"]

1.d4 Nf6 2.c4 g6 3.Nc3 Bg7 4.e4 d6 5.f3 O-O 6.Be3 Nc6 7.Nge2 a6 8.Qd2 Bd7
9.Nc1 e5 10.d5 Nd4 11.Nb3 Nxb3 12.axb3 Nh5 13.c5 f5 14.b4 Qh4+ 15.Bf2 Qf4
16.Bc4 Qxd2+ 17.Kxd2 Bh6+ 18.Be3 Kg7 19.Rhc1 Nf6 20.Be2 fxe4 21.fxe4 c6
22.Bxh6+ Kxh6 23.Ke3 Rac8 24.cxd6 Ne8 25.dxc6 Rxc6 26.Ra5 b5 27.Rca1 Nxd6
28.Rxa6 Nc4+ 29.Bxc4 Rxc4 30.Rd6 Rf7 31.Ra7 Be8 32.Ra8 Rd7 33.Re6 Bf7 34.Rxe5
Rxb4 35.Rxb5 Rb7 36.Rxb4 Rxb4 37.Ra7 Be6 38.Nd1 Bc8 39.Kd3 Bg4 40.Kc3 {#r} 1-0

[Event "Reykjavik Open 2017"]
[Site "Reykjavik ISL"]
[Date "2017.04.20"]
[Round "3.30"]
[White "Thorhallsson,T"]
[Black "Spence,D"]
[Result "1-0"]
[WhiteElo "2423"]
[BlackElo "2168"]

1.e4 e6 2.d4 d5 3.Nc3 Bb4 4.e5 c5 5.Bd2 cxd4 6.Nb5 Bc5 7.Qg4 Kf8 8.b4 Bb6
9.Nf3 Nc6 10.Qf4 a6 11.Nbxd4 Nxd4 12.Nxd4 Ne7 13.Nf3 Ng6 14.Qg3 f6 15.Bd3 Nxe5
16.Nxe5 fxe5 17.Qxe5 Bc7 18.Qh5 Qf6 19.O-O Bd7 20.Rae1 Qf7 21.Qh4 Bd8 22.Bg5
Bxg5 23.Qxg5 Qf6 24.Qg3 b5 25.Re3 Ke7 26.Rfe1 g6 27.Re5 Kf7 28.R1e3 Kg7 29.Rf3
Qd8 30.Rg5 {#r} 1-0

[Event "Reykjavik Open 2017"]
[Site "Reykjavik ISL"]
[Date "2017.04.20"]
[Round "3.32"]
[White "Dougherty,M"]
[Black "Thorfinnsson,Bj"]
[Result "1-0"]
[WhiteElo "2171"]
[BlackElo "2413"]

1.d4 Nf6 2.Nf3 c5 3.d5 d6 4.c4 e6 5.Nc3 exd5 6.cxd5 g6 7.e4 Bg7 8.Bg5 O-O
9.Nd2 Re8 10.Be2 b6 11.O-O Ba6 12.f4 Bxe2 13.Qxe2 Nbd7 14.Rae1 h6 15.Bh4 b5
16.Nxb5 Qb8 17.Qd3 c4 18.Qxc4 Rc8 19.Qe2 Rc2 20.Nd4 Rxb2 21.Nc6 Qb7 22.Qd1 Qb5
23.Qc1 Nc5 24.a4 Qb7 25.Nc4 Nd3 26.Qd1 Nxe1 27.Nxb2 Qxb2 28.Rxe1 Nd7 29.Bf2 a6
30.Qb1 Qxb1 31.Rxb1 Re8 32.Rb4 Nf6 33.Bh4 Nd7 34.Be7 Bf8 35.Bxf8 Kxf8 36.Kf2
Nc5 37.Kf3 Kg7 38.a5 g5 39.g3 f5 40.e5 Nd3 41.Rb7+ Kg6 42.Ne7+ {#r} 1-0

[Event "Reykjavik Open 2017"]
[Site "Reykjavik ISL"]
[Date "2017.04.20"]
[Round "3.35"]
[White "Sarkar,J"]
[Black "Johansson,Ju"]
[Result "1-0"]
[WhiteElo "2390"]
[BlackElo "2122"]

1.e4 c5 2.Nf3 d6 3.d4 cxd4 4.Nxd4 Nf6 5.Nc3 a6 6.Nb3 Qc7 7.Be3 g6 8.Bd4 e5
9.Be3 Bg7 10.a4 O-O 11.Be2 Be6 12.g4 Nc6 13.g5 Nd7 14.h4 Nb6 15.h5 Nc4 16.hxg6
hxg6 17.Bxc4 Bxc4 18.a5 Ne7 19.Qd2 Rfe8 20.Bb6 Qc6 21.O-O-O Nc8 22.Be3 b6
23.axb6 a5 24.Nd4 Qxb6 25.Ne6 Qb7 26.Nxg7 Kxg7 27.f4 Rh8 28.Qh2 {#r} 1-0

[Event "Reykjavik Open 2017"]
[Site "Reykjavik ISL"]
[Date "2017.04.20"]
[Round "3.37"]
[White "Henderson de La Fuente,Lance"]
[Black "Haraldsson,Haraldur"]
[Result "1-0"]
[WhiteElo "2372"]
[BlackElo "1941"]

1.e4 Nf6 2.e5 Nd5 3.d4 d6 4.Bc4 Nb6 5.Bb3 dxe5 6.Qh5 e6 7.dxe5 Nc6 8.Nf3 Nd4
9.Nc3 Nxf3+ 10.Qxf3 c5 11.Be3 Qc7 12.Nb5 Qxe5 13.O-O-O c4 14.a4 Nd5 15.Rxd5
exd5 16.Bf4 Qf5 17.Nc7+ Kd8 18.Rd1 Be6 19.g4 Qxg4 20.Nxe6+ Qxe6 21.Bxc4 {#r}
1-0

[Event "Reykjavik Open 2017"]
[Site "Reykjavik ISL"]
[Date "2017.04.20"]
[Round "3.38"]
[White "Piasetski,L"]
[Black "Larson,G"]
[Result "1-0"]
[WhiteElo "2300"]
[BlackElo "2104"]

1.Nf3 Nf6 2.c4 g6 3.Nc3 d5 4.cxd5 Nxd5 5.Qb3 Nb6 6.d4 Bg7 7.Bf4 c6 8.Rd1 Be6
9.Qc2 Na6 10.a3 Nc7 11.e4 Bg4 12.Be3 e5 13.dxe5 Qe7 14.Bg5 f6 15.exf6 Bxf6
16.Be3 Bxf3 17.gxf3 Ne6 18.Bh3 Be5 19.Ne2 Rf8 20.Bxe6 Qxe6 21.f4 Bc7 22.h3 Rd8
23.Rxd8+ Kxd8 24.f5 gxf5 25.Nd4 Qf6 26.Bg5 {#r} 1-0